Fiscal policies and the American economy / (Record no. 8572)
[ view plain ]
| 000 -LEADER | |
|---|---|
| fixed length control field | 00955nam a2200325I 4500 |
| 001 - CONTROL NUMBER | |
| JCCL Control Number | 8572 |
| 003 - CONTROL NUMBER IDENTIFIER | |
| JCCL marc code | BD - JhCC |
| 005 - DATE AND TIME OF LATEST TRANSACTION | |
| control field | 20180922132323.0 |
| 008 - FIXED-LENGTH DATA ELEMENTS--GENERAL INFORMATION | |
| fixed length control field | 730808s1951 xx 000 0 eng u |
| 035 ## - SYSTEM CONTROL NUMBER | |
| system control number | (BD - JhCC)8572 |
| 035 ## - SYSTEM CONTROL NUMBER | |
| system control number | (OCoLC)00674780 |
| 035 ## - SYSTEM CONTROL NUMBER | |
| system control number | GLIS00486303 |
| 040 ## - CATALOGING SOURCE | |
| Transcribing agency | CSU |
| Modifying agency | RCD |
| Original cataloging agency | BD-JhCC |
| 041 ## - LANGUAGE CODE | |
| Language code of Book | eng |
| 050 ## - LIBRARY OF CONGRESS CALL NUMBER | |
| Classification number | HJ263 |
| Item number | .P6 |
| 082 ## - DEWEY DECIMAL CLASSIFICATION NUMBER | |
| Author mark and Year | POO 1951 |
| 090 ## - LOCALLY ASSIGNED LC-TYPE CALL NUMBER (OCLC); LOCAL CALL NUMBER (OCLC) | |
| Classification number (OCLC) (R) ; Classification number, CALL (RLIN) (NR) | HJ263 |
| Local cutter number (OCLC) ; Book number/undivided call number, CALL (RLIN) | .P822 |
| 099 ## - LOCAL FREE-TEXT CALL NUMBER | |
| Classification number | HJ263.P822 |
| 100 1# - MAIN ENTRY--PERSONAL NAME | |
| Personal name | Poole, Kenyon E. |
| Fuller form of name | (Kenyon Edwards), |
| Dates associated with a name | 1909-1988. |
| 245 10 - TITLE STATEMENT | |
| Title | Fiscal policies and the American economy / |
| Statement of responsibility, etc | Kenyon E. Poole, |
| 260 ## - PUBLICATION, DISTRIBUTION, ETC. (IMPRINT) | |
| Place of publication, distribution, etc | New York, |
| Name of publisher, distributor, etc | Prentice-Hall, |
| Date of publication, distribution, etc | 1951. |
| 300 ## - PHYSICAL DESCRIPTION | |
| Pagination | x, 468p. |
| Other physical details | illus. |
| Dimensions | 22cm. |
| 490 1# - SERIES STATEMENT | |
| Series statement | Prentice-Hall economics series |
| 504 ## - BIBLIOGRAPHY, ETC. NOTE | |
| Bibliography, etc | Includes bibliographies. |
| 650 #0 - SUBJECT ADDED ENTRY--TOPICAL TERM | |
| Topical term or geographic name as entry element | Finance, Public |
| Geographic subdivision | United States |
| General subdivision | History |
| Chronological subdivision | 1933- |
| 830 #0 - SERIES ADDED ENTRY--UNIFORM TITLE | |
| Uniform title | Prentice-Hall economics series. |
| 942 ## - ADDED ENTRY ELEMENTS (KOHA) | |
| Source of classification or shelving scheme | Dewey Decimal Classification |
| Koha item type | Books |
| 949 ## - LOCAL PROCESSING INFORMATION (OCLC) | |
| a | MYGD |
| Source of classification or shelving scheme | Damaged status | Not for loan | Home library | Current library | Shelving location | Total Checkouts | Full call number | Barcode | Date last seen | Copy number | Koha item type |
|---|---|---|---|---|---|---|---|---|---|---|---|
| Dewey Decimal Classification | JCC Rouf Library | JCC Rouf Library | General Stacks | 336.73 POO 1951 | 11353 | 02/27/2018 | C - 1 | Books |